000 00444nam a2200145Ia 4500
008 090122s9999 xx 000 0 und d
082 _b3540
_a613
100 _aडहाणूकर
_bशरदिनी
_cडॉ
245 _aऔषधं आणि आपण
600 _aडहाणूकर
630 _aऔषधं आणि आपण
700 _aडहाणूकर
730 _aऔषधं आणि आपण
942 _cBOOK
999 _c27618
_d27618